Diseño de un Portal Web al Distrito Educativo 19-03 de Cevicos. Casimira Amparo Rosario, Rosa Evira Castro Suarez y Altagracia del Rosario Rodriguez. Asesor: Ing. Carlos Rafael Lunas Vargas. (Registro nro. 17901)
[ vista simple ]
| 000 -LEADER | |
|---|---|
| fixed length control field | 00601nam a22001811a 4500 |
| 001 - CONTROL NUMBER | |
| control field | 17901 |
| 003 - CONTROL NUMBER IDENTIFIER | |
| control field | OSt |
| 005 - DATE AND TIME OF LATEST TRANSACTION | |
| control field | 20260204212340.0 |
| 008 - FIXED-LENGTH DATA ELEMENTS--GENERAL INFORMATION | |
| fixed length control field | 170105s2013||||dr ||||||b||||||||||spa|| |
| 090 ## - LOCALLY ASSIGNED LC-TYPE CALL NUMBER (OCLC); LOCAL CALL NUMBER (RLIN) | |
| Classification number (OCLC) (R) ; Classification number, CALL (RLIN) (NR) | IT-2013-004 |
| 100 ## - ASIENTO PRINCIPAL -- NOMBRE PERSONAL | |
| Personal name | Rosario, Casimira Amparo |
| 245 ## - TÍTULO PROPIAMENTE DICHO: SUBTÍTULO | |
| Title | Diseño de un Portal Web al Distrito Educativo 19-03 de Cevicos. Casimira Amparo Rosario, Rosa Evira Castro Suarez y Altagracia del Rosario Rodriguez. Asesor: Ing. Carlos Rafael Lunas Vargas. |
| 264 ## - PRODUCTION, PUBLICATION, DISTRIBUTION, MANUFACTURE, AND COPYRIGHT NOTICE | |
| Place of production, publication, distribution, manufacture | Santo Domingo: El Autor |
| 300 ## - PHYSICAL DESCRIPTION | |
| Extensión | 47 p, |
| 502 ## - THESIS NOTE | |
| Dissertation note | Tesis de Informatica |
| 650 ## - ASIENTO SECUNDARIO DE MATERIA -- TERMINO TOPICO | |
| Asiento secundario de materia | InformaticaÌ |
| 942 ## - ADDED ENTRY ELEMENTS (KOHA) | |
| Source of classification or shelving scheme | Dewey Decimal Classification |
| Koha item type | Tesis |
No hay ítems disponibles.
